=LDR 00000nam 2200000 4500 =001 INLIS000000000036981 =005 20130612142732 =008 ***********************************Ind** =035 ##$$a0010-061300000036981 =041 ##$$a Ind =082 ##$$a 813 =090 ##$$a 813, Fio n =100 ##$$a Fidriwida =245 ##$$a Name of the game, cinta adalah permainan, Fidriwida ; editor, Rayina =260 ##$$a 2010 $b Jakarta =300 ##$$a vi, 332 hlm, ilus, 20 cm =650 ##$$a Fiksi Indonesia =700 ##$$a Rayina =850 ##$$a NBPNMAT =990 ##$$a 91536/BPAP-NTB/2014 =990 ##$$a 21196032/BPAP-NTB/2014 =990 ##$$a 21196032/BPAP-NTB/2014 =990 ##$$a 91536/BPAP-NTB/2014